[Event "13e tournoi d'automne - tournoi B"]
[Site "Montigny le Bretonneux"]
[Date "2014.10.18"]
[Round "1.1"]
[White "Duval, Dominique"]
[Black "Billot, Daniel"]
[Result "1-0"]
[WhiteElo "1730"]
[BlackElo "1793"]
[Annotator "Rivier,Sylvain"]
[PlyCount "73"]
[EventDate "2014.??.??"]

{Gambit Blumenfeld} 1. Nf3 Nf6 2. d4 c5 3. d5 e6 4. c4 b5 5. Bg5 Bb7 6. Nc3 b4
7. Ne4 Be7 8. Bxf6 gxf6 9. e3 f5 10. Ng3 Bf6 11. Rb1 O-O 12. Be2 Na6 13. O-O
Nc7 14. Nh5 Ne8 15. Nxf6+ Qxf6 16. dxe6 dxe6 17. Qd7 Be4 18. Rbd1 Qxb2 19. Rfe1
Nf6 20. Qe7 Ng4 21. Qxc5 Bxf3 22. gxf3 Qe5 23. Qxe5 Nxe5 24. f4 Ng6 25. Rd7
Rfc8 26. Red1 Rc5 27. Rb7 a5 28. Rdd7 e5 29. Rxf7 exf4 30. Rxh7 Ra6 31. Bf3
fxe3 32. fxe3 a4 33. Bd5+ Rxd5 34. cxd5 b3 35. a3 b2 36. Rhg7+ Kh8 37. Rgc7 1-0

[Event "13e tournoi d'automne - tournoi B"]
[Site "Montigny le Bretonneux"]
[Date "2014.10.18"]
[Round "1.2"]
[White "Artieres, Michel"]
[Black "Branson, James"]
[Result "0-1"]
[WhiteElo "1710"]
[BlackElo "1779"]
[Annotator "Rivier,Sylvain"]
[PlyCount "63"]
[EventDate "2014.??.??"]

{Défense Alekhine, variante moderne} 1. e4 Nf6 2. e5 Nd5 3. d4 d6 4. c4 Nb6 5.
Nf3 Bg4 6. Qb3 Nc6 7. exd6 Bxf3 8. Qxf3 Nxd4 9. Qe4 Qxd6 10. Nc3 O-O-O 11. Be3
g6 12. Rd1 e5 13. Nb5 Qb4+ 14. Rd2 Nxc4 15. Bxc4 Qxc4 16. Qxe5 Nc2+ 17. Rxc2
Qxc2 18. O-O Bb4 19. Qg3 Rhe8 20. Qf4 Bd6 21. Nxd6+ Rxd6 22. Qxf7 Qe4 23. Rc1
Rd7 24. Qb3 a6 25. Bf4 Re6 26. Qa3 Rc6 27. Rxc6 Qxc6 28. Qb3 h5 29. Bg5 Qd5 30.
Qe3 b6 31. Qe8+ Kb7 32. Qxg6 0-1

[Event "13e tournoi d'automne - tournoi B"]
[Site "Montigny le Bretonneux"]
[Date "2014.10.18"]
[Round "1.3"]
[White "Rousseau, Philippe"]
[Black "Amiard, Jean-Claude"]
[Result "0-1"]
[WhiteElo "1760"]
[BlackElo "1704"]
[Annotator "Rivier,Sylvain"]
[PlyCount "78"]
[EventDate "2014.??.??"]

{Défense sicilienne} 1. e4 c5 2. c4 Nc6 3. Nc3 g6 4. d3 Bg7 5. Bd2 d6 6. f4 e6
7. Nf3 Nge7 8. Be2 O-O 9. Rb1 a6 10. O-O Rb8 11. a4 b6 12. Be3 Nd4 13. Bxd4
cxd4 14. Na2 Nc6 15. b4 b5 16. a5 Bd7 17. Qb3 e5 18. fxe5 dxe5 19. c5 Be6 20.
Qc2 Bh6 21. h3 Qd7 22. Nh2 f5 23. Bf3 Be3+ 24. Kh1 h5 25. exf5 Bxf5 26. Qe2 Qe6
27. Bxc6 Qxc6 28. Nf3 Rbe8 29. Nc3 Kg7 30. Nd1 Bf4 31. Nf2 g5 32. Nd2 g4 33.
Nde4 Re6 34. g3 Bxg3 35. hxg4 hxg4 36. Nxg4 Rh8+ 37. Kg1 Bf4 38. Kf2 Rg6 39.
Rg1 Bxg4 0-1

[Event "13e tournoi d'automne - tournoi B"]
[Site "Montigny le Bretonneux"]
[Date "2014.10.18"]
[Round "1.4"]
[White "Fayolle, Guy"]
[Black "Mourgues, Joelle"]
[Result "1-0"]
[WhiteElo "1754"]
[BlackElo "1697"]
[Annotator "Rivier,Sylvain"]
[PlyCount "142"]
[EventDate "2014.??.??"]

{Défense sicilienne, variante Taïmanov} 1. e4 c5 2. Nf3 Nc6 3. d4 cxd4 4. Nxd4
Nf6 5. Nc3 a6 6. Be3 e6 7. Bd3 Bb4 8. O-O Bxc3 9. bxc3 O-O 10. Bg5 e5 11. Nf5
d6 12. Ne3 h6 13. Bh4 g5 14. Bg3 Kg7 15. h4 Be6 16. Qe2 b5 17. a4 b4 18. cxb4
Nxb4 19. Rfd1 a5 20. Bc4 Qc7 21. c3 Nc2 22. Qxc2 Bxc4 23. Nf5+ Kh7 24. Nxd6 Ng4
25. hxg5 hxg5 26. Rab1 Be6 27. Qd2 Kg6 28. Rb5 f6 29. f3 Qa7+ 30. Bf2 Nxf2 31.
Qxf2 Qxf2+ 32. Kxf2 Rfd8 33. Rb6 Bc4 34. Rdb1 Ba2 35. R1b2 Bg8 36. c4 Ra7 37.
c5 Rc7 38. R2b5 Ra8 39. Ke3 Be6 40. Kd3 Bd7 41. Kc4 Bc6 42. Rxc6 Rxc6 43. Nb7
g4 44. Rxa5 Rb8 45. Rb5 gxf3 46. gxf3 Kg5 47. Kd5 Rc7 48. c6 Kf4 49. Kd6 Rbc8
50. Na5 Ra7 51. Ke6 Rxa5 52. Rxa5 Rxc6+ 53. Kd5 Rb6 54. Rb5 Ra6 55. Rb3 f5 56.
exf5 Kxf5 57. Rb4 Kf6 58. Kc5 Ra5+ 59. Kb6 Rd5 60. Rb3 Rd8 61. Kc7 Ra8 62. Rb4
Kf5 63. Kb7 Ra5 64. Kb6 Ra8 65. a5 Rb8+ 66. Kc5 Rc8+ 67. Kd6 Ra8 68. Rb5 Ra6+
69. Kc7 Ke6 70. Kb7 Rd6 71. a6 Rd4 {suite illisible} 1-0

[Event "13e tournoi d'automne - tournoi B"]
[Site "Montigny le Bretonneux"]
[Date "2014.10.18"]
[Round "1.5"]
[White "Wuhrmann, Daniel"]
[Black "Couronne, Patrice"]
[Result "1-0"]
[WhiteElo "1739"]
[BlackElo "1698"]
[Annotator "Rivier,Sylvain"]
[PlyCount "127"]
[EventDate "2014.??.??"]

{Défense Pirc} 1. e4 d6 2. d4 Nf6 3. Nc3 g6 4. Bc4 Bg7 5. Qe2 O-O 6. e5 dxe5 7.
dxe5 Ng4 8. e6 f5 9. Nf3 h6 10. h3 Nf6 11. Bd2 c6 12. Ne5 Kh7 13. Rd1 Qc7 14.
Bf4 Qa5 15. Bd2 Ne4 16. Nxe4 Qxe5 17. Nc3 Qxe2+ 18. Kxe2 b5 19. Bb3 a5 20. a3
Na6 21. Rhe1 Nc5 22. Kf1 Nxb3 23. cxb3 Rf6 24. Be3 Rxe6 25. Bc5 Rxe1+ 26. Rxe1
e5 27. Rd1 Be6 28. Rd6 Bxb3 29. Rxc6 Rd8 30. Rc7 Kg8 31. Nxb5 Bc4+ 32. Ke1 Bxb5
33. Bb6 a4 34. Rc5 e4 35. Bxd8 Bd3 36. Rc8 Kf7 37. Rc7+ Kg8 38. Rc8 Kf7 39. Rb8
Be5 40. Rb4 Bc2 41. Bb6 Bb3 42. Bd4 Bd6 43. Rb6 Ke7 44. Bc3 Kd7 45. Rb7+ Kc6
46. Rg7 g5 47. Rg6 Kd5 48. Rxh6 Bc5 49. Rh5 Be7 50. Rh7 Bf8 51. Rf7 Bc5 52.
Rxf5+ Kc4 53. Rxg5 Bxa3 54. Kd2 Bd6 55. Rg4 Kd5 56. h4 Bf8 57. h5 Bh6+ 58. Ke1
Bc2 59. Bd2 Bf8 60. h6 Be7 61. Bc3 Bc5 62. Rg5+ Kc4 63. Rxc5+ Kxc5 64. h7 1-0

[Event "13e tournoi d'automne - tournoi B"]
[Site "Montigny le Bretonneux"]
[Date "2014.10.19"]
[Round "2.1"]
[White "Billot, Daniel"]
[Black "Couronne, Patrice"]
[Result "1-0"]
[WhiteElo "1793"]
[BlackElo "1698"]
[Annotator "Rivier,Sylvain"]
[PlyCount "71"]
[EventDate "2014.??.??"]

{Défense Pirc} 1. e4 d6 2. d4 Nf6 3. Nc3 g6 4. Qf3 c6 5. h3 Bg7 6. Bd3 O-O 7.
Nge2 Nbd7 8. O-O e5 9. d5 Nc5 10. a4 Nxd3 11. Qxd3 cxd5 12. Nxd5 Nxd5 13. Qxd5
Qe7 14. Nc3 Be6 15. Qd3 f5 16. Rd1 Rad8 17. Nd5 Qf7 18. f3 f4 19. a5 g5 20. Qe2
h5 21. Qf2 Rd7 22. Ra3 Kh7 23. Rad3 Rg8 24. Nc3 Bf8 25. Nd5 g4 26. hxg4 hxg4
27. fxg4 Bxg4 28. Qh4+ Bh5 29. Nf6+ Kh6 30. Bxf4+ exf4 31. Qxf4+ Rg5 32. Rd5
Qg6 33. Nxd7 Bxd1 34. Nxf8 Qg8 35. Qh4+ Bh5 36. Rxd6+ 1-0

[Event "13e tournoi d'automne - tournoi B"]
[Site "Montigny le Bretonneux"]
[Date "2014.10.19"]
[Round "2.2"]
[White "Branson, James"]
[Black "Wuhrmann, Daniel"]
[Result "1/2-1/2"]
[WhiteElo "1779"]
[BlackElo "1739"]
[Annotator "Rivier,Sylvain"]
[PlyCount "141"]
[EventDate "2014.??.??"]

{Défense sicilienne, variante Alapine} 1. e4 c5 2. Nf3 d6 3. c3 Nc6 4. d4 Bg4
5. Bc4 e6 6. Be3 Nf6 7. Nbd2 cxd4 8. cxd4 d5 9. exd5 Nxd5 10. O-O Be7 11. Qb3
Bxf3 12. Nxf3 O-O 13. Qxb7 Na5 14. Qa6 Nb4 15. Qb5 Rb8 16. Qa4 Nxc4 17. Bf4 Rc8
18. Qxa7 Nd5 19. Bg3 Nxb2 20. Rfb1 Nc4 21. a4 Ra8 22. Qb7 Nd6 23. Qb3 Rb8 24.
Qd3 Rxb1+ 25. Qxb1 Qb8 26. Qd1 Rc8 27. h4 Qc7 28. Ng5 Qc2 29. Qf3 Nf5 30. Be5
Bxg5 31. hxg5 Qc3 32. Qxc3 Nxc3 33. a5 Nd5 34. a6 Ra8 35. Kf1 Nb4 36. Ke2 Nxa6
37. Rb1 Kf8 38. Rb7 Ke8 39. g4 Ne7 40. Bxg7 Nd5 41. Be5 Nab4 42. Bd6 Nc6 43.
Bc5 Rb8 44. Rxb8+ Nxb8 45. Kf3 Kd7 46. Ke4 Na6 47. Bf8 Nab4 48. Bg7 Nc3+ 49.
Ke3 Kc6 50. Be5 Kd5 51. f4 Nb5 52. Bf6 Nc6 53. f5 Nbxd4 54. fxe6 fxe6 55. Kf2
Ne7 56. Kg3 Ng6 57. Bd8 Ke4 58. Bc7 Ke3 59. Bb6 e5 60. Ba7 e4 61. Kg2 Kd3 62.
Bb6 e3 63. Ba5 e2 64. Kg3 Nc2 65. Kf2 Ne5 66. Kg3 e1=Q+ 67. Bxe1 Nxe1 68. Kh4
N1f3+ 69. Kh5 Nf7 70. g6 hxg6+ 71. Kxg6 1/2-1/2

[Event "13e tournoi d'automne - tournoi B"]
[Site "Montigny le Bretonneux"]
[Date "2014.10.19"]
[Round "2.3"]
[White "Mourgues, Joelle"]
[Black "Rousseau, Philippe"]
[Result "1-0"]
[WhiteElo "1697"]
[BlackElo "1760"]
[Annotator "Rivier,Sylvain"]
[PlyCount "79"]
[EventDate "2014.??.??"]

{Début Réti} 1. Nf3 e6 2. g3 b6 3. Bg2 Bb7 4. d3 d5 5. Nbd2 Nf6 6. O-O Be7 7.
a4 O-O 8. c3 c5 9. Qc2 h6 10. e4 Qc8 11. Re1 dxe4 12. dxe4 Nc6 13. Nc4 Rd8 14.
Bf4 Ba6 15. b3 Bxc4 16. bxc4 Nh5 17. Be3 e5 18. Rad1 Qc7 19. Rd5 Nf6 20. Bh3
Na5 21. Rxe5 Nxc4 22. Rf5 g6 23. Bf4 Qb7 24. Rxf6 Bxf6 25. Bxh6 Ne5 26. Nxe5
Bxe5 27. Bc1 Qe7 28. f4 Bh8 29. e5 Kh7 30. e6 f6 31. c4 Rd6 32. f5 g5 33. Qe4
Rad8 34. Qe2 Kg8 35. Bg4 Qe8 36. Bh5 Qxa4 37. Bf7+ Kg7 38. Qh5 Rd1 39. Qg6+ Kf8
40. e7# 1-0

[Event "13e tournoi d'automne - tournoi B"]
[Site "Montigny le Bretonneux"]
[Date "2014.10.19"]
[Round "2.4"]
[White "Duval, Dominique"]
[Black "Fayolle, Guy"]
[Result "0-1"]
[WhiteElo "1730"]
[BlackElo "1754"]
[Annotator "Rivier,Sylvain"]
[PlyCount "70"]
[EventDate "2014.??.??"]

{Ouverture anglaise, variante de Breme} 1. c4 Nf6 2. g3 g6 3. Bg2 Bg7 4. Nc3 e5
5. d3 O-O 6. e3 c6 7. Nge2 d6 8. O-O Na6 9. Rb1 Be6 10. b4 d5 11. b5 Nc7 12.
bxc6 bxc6 13. Qa4 Bd7 14. c5 a6 15. Bd2 Nb5 16. Qd1 Rb8 17. Na4 Bf5 18. Rb3 Re8
19. Qc1 Nd7 20. Qe1 Bf8 21. Ba5 Qe7 22. Bb6 Be6 23. d4 Bf5 24. Qd2 Bg7 25. Rc1
Qf6 26. Ba5 exd4 27. Nxd4 Nxd4 28. exd4 Qxd4 29. Qxd4 Bxd4 30. Rxb8 Rxb8 31.
Bc7 Rb4 32. Nb6 Nxc5 33. Bd6 Rxb6 34. Bxc5 Bxc5 35. Rxc5 Rb1+ 0-1

[Event "13e tournoi d'automne - tournoi B"]
[Site "Montigny le Bretonneux"]
[Date "2014.10.19"]
[Round "2.5"]
[White "Amiard, Jean-Claude"]
[Black "Artieres, Michel"]
[Result "0-1"]
[WhiteElo "1704"]
[BlackElo "1710"]
[Annotator "Rivier,Sylvain"]
[PlyCount "90"]
[EventDate "2014.??.??"]

{Défense scandinave} 1. e4 d5 2. exd5 Nf6 3. d4 Nxd5 4. Nf3 Bg4 5. Be2 e6 6. h3
Bf5 7. a3 Be7 8. c4 Nb6 9. Nc3 c6 10. Bf4 O-O 11. Qb3 Qc8 12. O-O N8d7 13. a4
a5 14. Rac1 Bb4 15. Na2 c5 16. Rfd1 cxd4 17. Nxd4 Nc5 18. Qg3 Bg6 19. Nxb4 axb4
20. b3 Rd8 21. Bc7 Ne4 22. Qf4 Nc3 23. Rxc3 bxc3 24. Bxb6 Rd7 25. a5 f6 26. Qc1
e5 27. Nb5 Rxd1+ 28. Bxd1 Qc6 29. Nxc3 Re8 30. Qe3 Qd6 31. Be2 Qb4 32. Nd5 Qe1+
33. Bf1 Qb1 34. g4 Bc2 35. b4 e4 36. Kg2 h5 37. Bc5 Re5 38. Ne7+ Kf7 39. Nf5
hxg4 40. hxg4 g6 41. Nd6+ Kg7 42. Nxb7 Bd3 43. Be2 Qc2 44. Bd6 Bxe2 45. Bxe5
Bf3+ 0-1

[Event "13e tournoi d'automne - tournoi B"]
[Site "Montigny le Bretonneux"]
[Date "2014.10.20"]
[Round "3.2"]
[White "Couronne, Patrice"]
[Black "Branson, James"]
[Result "1-0"]
[WhiteElo "1698"]
[BlackElo "1779"]
[Annotator "Rivier,Sylvain"]
[PlyCount "51"]
[EventDate "2014.??.??"]

{Gambit dame, défense semi-slave} 1. d4 d5 2. c4 c6 3. Nc3 Nf6 4. Nf3 Nbd7 5.
e3 e6 6. Bd3 dxc4 7. Bxc4 b5 8. Bd3 Bb7 9. O-O b4 10. Ne4 c5 11. Nxf6+ gxf6 12.
b3 h5 13. Bb2 a6 14. Re1 h4 15. h3 cxd4 16. exd4 Bd5 17. Nd2 f5 18. Bc4 Nb6 19.
Bxd5 Nxd5 20. Nc4 Rb8 21. Qf3 Qg5 22. Ne3 Rb5 23. Nxd5 Rxd5 24. Qxd5 Rg8 25.
Qf3 Bg7 26. Rac1 1-0

[Event "13e tournoi d'automne - tournoi B"]
[Site "Montigny le Bretonneux"]
[Date "2014.10.20"]
[Round "3.3"]
[White "Rousseau, Philippe"]
[Black "Duval, Dominique"]
[Result "1-0"]
[WhiteElo "1760"]
[BlackElo "1730"]
[Annotator "Rivier,Sylvain"]
[PlyCount "113"]
[EventDate "2014.??.??"]

{Défense sicilienne, fianchetto accéléré} 1. d4 g6 2. e4 Bg7 3. Nc3 c5 4. Nf3
cxd4 5. Nxd4 Nc6 6. Be3 Nf6 7. Nxc6 bxc6 8. e5 Ng8 9. f4 Nh6 10. Bd3 a5 11. O-O
Ba6 12. h3 Bxd3 13. Qxd3 Nf5 14. Rab1 Nxe3 15. Qxe3 O-O 16. Rfd1 Qc7 17. Qc5
Qa7 18. Ne4 Rfd8 19. b3 Kf8 20. c4 Ke8 21. Kf1 Qxc5 22. Nxc5 d6 23. exd6 Rxd6
24. Rxd6 exd6 25. Re1+ Kd8 26. Ne4 Kd7 27. Rd1 f5 28. Nxd6 Kc7 29. Nf7 Re8 30.
Ng5 h6 31. Nf3 Re4 32. g3 a4 33. Re1 axb3 34. axb3 Rxe1+ 35. Kxe1 Kd6 36. Kd1
c5 37. Nh4 Bd4 38. Ke2 Bf6 39. Nxg6 h5 40. Nh4 Ke6 41. Nf3 Kd6 42. Ne1 h4 43.
Kf3 hxg3 44. Kxg3 Ke7 45. Nd3 Bd4 46. Kh4 Kf6 47. Kh5 Be3 48. h4 Bd4 49. b4
cxb4 50. Nxb4 Ke6 51. Kg6 Bc3 52. Nd3 Ke7 53. h5 Kf8 54. h6 Kg8 55. c5 Ba5 56.
h7+ Kh8 57. Ne5 1-0

[Event "13e tournoi d'automne - tournoi B"]
[Site "Montigny le Bretonneux"]
[Date "2014.10.20"]
[Round "3.4"]
[White "Wuhrmann, Daniel"]
[Black "Amiard, Jean-Claude"]
[Result "0-1"]
[WhiteElo "1739"]
[BlackElo "1704"]
[Annotator "Rivier,Sylvain"]
[PlyCount "92"]
[EventDate "2014.??.??"]

{Défense sicilienne, gambit Morra} 1. e4 c5 2. d4 cxd4 3. c3 d3 4. Bxd3 Nc6 5.
c4 g6 6. Nc3 Bg7 7. Nf3 d6 8. h3 Qb6 9. O-O e6 10. Nb5 Qd8 11. Be2 Ke7 12. Bf4
e5 13. Be3 Be6 14. Ng5 h6 15. Nxe6 fxe6 16. f4 a6 17. Nc3 Nf6 18. fxe5 Nxe5 19.
Qd2 Qc7 20. Rac1 Rad8 21. Na4 Qc6 22. Nc3 g5 23. b4 b6 24. b5 axb5 25. cxb5 Qb7
26. Qd4 Ned7 27. Qb4 Nc5 28. e5 Nd5 29. exd6+ Rxd6 30. Nxd5+ Qxd5 31. Rfd1 Qe5
32. Bxc5 bxc5 33. Qxc5 Qxc5+ 34. Rxc5 Rxd1+ 35. Bxd1 Bd4+ 36. Kf1 Bxc5 37. a4
Ra8 38. Ke2 Kd6 39. Kd3 Bb4 40. Kc4 Ba5 41. Bf3 Rc8+ 42. Bc6 e5 43. Kd3 Rxc6
44. bxc6 Kxc6 45. Ke4 Kd6 46. g3 Ke6 0-1

[Event "13e tournoi d'automne - tournoi B"]
[Site "Montigny le Bretonneux"]
[Date "2014.10.20"]
[Round "3.5"]
[White "Artieres, Michel"]
[Black "Mourgues, Joelle"]
[Result "0-1"]
[WhiteElo "1710"]
[BlackElo "1697"]
[Annotator "Rivier,Sylvain"]
[PlyCount "110"]
[EventDate "2014.??.??"]

{Défense sicilienne, attaque yougoslave} 1. e4 c5 2. Nf3 Nc6 3. d4 cxd4 4. Nxd4
a6 5. Nc3 d6 6. Be3 Nf6 7. f3 g6 8. Qd2 Bg7 9. O-O-O Bd7 10. g4 Nxd4 11. Bxd4
O-O 12. h4 h5 13. Bxf6 Bxf6 14. gxh5 Qa5 15. Nd5 Qxd2+ 16. Rxd2 Kg7 17. h6+ Kh7
18. Nxf6+ exf6 19. Rxd6 Be6 20. h5 g5 21. Bd3 Kxh6 22. Rb6 Rab8 23. Be2 Rfc8
24. a3 a5 25. Rf1 Rc6 26. Rb5 b6 27. f4 g4 28. b3 a4 29. bxa4 Rbc8 30. Bd3 Bc4
31. Bxc4 Rxc4 32. Rf2 R8c6 33. a5 bxa5 34. Rxa5 Rxe4 35. Ra7 Kxh5 36. Rxf7 Kg6
37. Rb7 Rc5 38. Rb4 Kf5 39. Kd2 Rd5+ 40. Kc3 Re3+ 41. Kc4 Ra5 42. Kd4 Re4+ 43.
Kd3 Rxa3+ 44. Rb3 Rxb3+ 45. cxb3 Rxf4 46. Rb2 Rb4 47. Rf2+ Kg5 48. Rb2 g3 49.
Kc3 Rb8 50. Kd4 Kg4 51. Kc5 f5 52. b4 f4 53. Kc6 f3 54. Kc7 Rf8 55. b5 g2 0-1

[Event "13e tournoi d'automne - tournoi B"]
[Site "Montigny le Bretonneux"]
[Date "2014.10.21"]
[Round "4.1"]
[White "Billot, Daniel"]
[Black "Branson, James"]
[Result "1-0"]
[WhiteElo "1793"]
[BlackElo "1779"]
[Annotator "Rivier,Sylvain"]
[PlyCount "59"]
[EventDate "2014.??.??"]

{Défense française, variante d'avance} 1. e4 e6 2. d4 d5 3. e5 Qd7 4. Bd3 b6 5.
f4 Ba6 6. Nf3 c5 7. O-O Bxd3 8. Qxd3 cxd4 9. Nbd2 Nh6 10. Nxd4 Bc5 11. N2f3 Nf5
12. Kh1 Nxd4 13. Nxd4 g6 14. Be3 a6 15. Bf2 Nc6 16. c3 O-O 17. Rae1 Nxd4 18.
cxd4 Be7 19. Qh3 Rfc8 20. g4 b5 21. f5 exf5 22. gxf5 Rc2 23. e6 fxe6 24. fxg6
Bd6 25. gxh7+ Kh8 26. Bg3 Bxg3 27. Qxg3 Qxh7 28. Rxe6 Rc7 29. Qd6 Rd7 30. Qc6
1-0

[Event "13e tournoi d'automne - tournoi B"]
[Site "Montigny le Bretonneux"]
[Date "2014.10.21"]
[Round "4.2"]
[White "Fayolle, Guy"]
[Black "Rousseau, Philippe"]
[Result "1-0"]
[WhiteElo "1754"]
[BlackElo "1760"]
[Annotator "Rivier,Sylvain"]
[PlyCount "33"]
[EventDate "2014.??.??"]

{Défense française, variante Tarrasch fermée} 1. e4 e6 2. d4 d5 3. Nd2 Nf6 4.
e5 Nfd7 5. c3 c5 6. Ngf3 Nc6 7. Bd3 cxd4 8. cxd4 Be7 9. O-O b6 10. Nb3 h6 11.
Be3 Nb4 12. Bb1 Ba6 13. Re1 Rc8 14. a3 Nc6 15. Nfd2 O-O 16. Qg4 f5 17. Qg6 1-0

[Event "13e tournoi d'automne - tournoi B"]
[Site "Montigny le Bretonneux"]
[Date "2014.10.21"]
[Round "4.3"]
[White "Mourgues, Joelle"]
[Black "Wuhrmann, Daniel"]
[Result "0-1"]
[WhiteElo "1697"]
[BlackElo "1739"]
[Annotator "Rivier,Sylvain"]
[PlyCount "78"]
[EventDate "2014.??.??"]

{Début Reti} 1. Nf3 Nf6 2. g3 b6 3. Bg2 Bb7 4. d3 e6 5. Nbd2 c5 6. O-O d6 7. e4
Nbd7 8. c3 Qc7 9. a4 Be7 10. Re1 O-O 11. Qc2 a6 12. Nf1 Rac8 13. Ne3 Qb8 14.
Nc4 Bc6 15. Bf4 e5 16. Bd2 Rfd8 17. Nh4 g6 18. Ne3 Bf8 19. Nd5 Bxd5 20. exd5
Bg7 21. c4 Re8 22. Bh3 Rcd8 23. b4 cxb4 24. Bxb4 Nc5 25. Bxc5 bxc5 26. Rab1 Qc7
27. Nf3 Rb8 28. Ng5 Rb4 29. Rxb4 cxb4 30. Ne4 a5 31. Nd2 Nd7 32. d4 Qd8 33.
dxe5 Bxe5 34. Bxd7 Qxd7 35. Nb3 Qxa4 36. Kg2 Rc8 37. Re2 Ra8 38. c5 Qb5 39. f4
Bc3 0-1

[Event "13e tournoi d'automne - tournoi B"]
[Site "Montigny le Bretonneux"]
[Date "2014.10.21"]
[Round "4.4"]
[White "Duval, Dominique"]
[Black "Artieres, Michel"]
[Result "0-1"]
[WhiteElo "1730"]
[BlackElo "1710"]
[Annotator "Rivier,Sylvain"]
[PlyCount "60"]
[EventDate "2014.??.??"]

{Ouverture anglaise, défense anglo-indienne} 1. g3 Nf6 2. Bg2 d5 3. c4 e6 4. b3
dxc4 5. bxc4 Qd4 6. Qc2 Qxa1 7. Nf3 Nc6 8. Bb2 Qxa2 9. O-O Nb4 10. Qc1 c6 11.
Ne5 Be7 12. f4 O-O 13. Rf3 Qa5 14. d4 Qc7 15. Nc3 Rd8 16. Nd1 b6 17. Nf2 Bb7
18. Rb3 c5 19. d5 exd5 20. cxd5 a5 21. e4 Nbxd5 22. exd5 Bxd5 23. Bxd5 Nxd5 24.
Qc4 Bf6 25. Nfg4 Bxe5 26. Bxe5 Qc6 27. Qe4 Ne7 28. Qe2 Ng6 29. Re3 Qd5 30. Bb2
Qd1+ 0-1

[Event "13e tournoi d'automne - tournoi B"]
[Site "Montigny le Bretonneux"]
[Date "2014.10.21"]
[Round "4.5"]
[White "Amiard, Jean-Claude"]
[Black "Couronne, Patrice"]
[Result "0-1"]
[WhiteElo "1704"]
[BlackElo "1698"]
[Annotator "Rivier,Sylvain"]
[PlyCount "82"]
[EventDate "2014.??.??"]

{Défense Pirc} 1. e4 d6 2. d4 Nf6 3. Nc3 g6 4. f3 Bg7 5. Be3 c6 6. Qd2 O-O 7.
g4 b5 8. h4 h5 9. Bg5 Nbd7 10. Bd3 a5 11. Nh3 b4 12. Ne2 Ba6 13. Ng3 Bxd3 14.
cxd3 Qb6 15. gxh5 Qxd4 16. hxg6 fxg6 17. Be3 Qe5 18. f4 Qb5 19. Ng5 Nc5 20.
O-O-O Na4 21. Ne6 Rfc8 22. Nxg7 Kxg7 23. f5 c5 24. Bh6+ Kg8 25. Qg5 Qe8 26.
fxg6 c4 27. d4 b3 28. Kb1 c3 29. Rdf1 bxa2+ 30. Kxa2 Nxb2 31. Rxf6 Qa4+ 32. Kb1
c2+ 33. Kxb2 Rab8+ 34. Kc1 Rb1+ 35. Kd2 Qxd4+ 36. Ke2 exf6 37. Qf5 Qc4+ 38. Kf3
Rc7 39. Qxf6 Qc3+ 40. Qxc3 Rxc3+ 41. Kg4 Rxg3+ 0-1

[Event "13e tournoi d'automne - tournoi B"]
[Site "Montigny le Bretonneux"]
[Date "2014.10.22"]
[Round "5.1"]
[White "Rousseau, Philippe"]
[Black "Billot, Daniel"]
[Result "1-0"]
[WhiteElo "1760"]
[BlackElo "1793"]
[Annotator "Rivier,Sylvain"]
[PlyCount "171"]
[EventDate "2014.??.??"]

{Défense scandinave} 1. e4 d5 2. exd5 Qxd5 3. d4 e5 4. c4 Qxd4 5. Qxd4 exd4 6.
Nf3 Bb4+ 7. Nbd2 c5 8. Bd3 Nf6 9. O-O O-O 10. a3 Bxd2 11. Bxd2 Nc6 12. Rae1 Bg4
13. Ne5 Nxe5 14. Rxe5 Rfe8 15. Rfe1 Rxe5 16. Rxe5 Nd7 17. Re1 Nf6 18. f3 Bd7
19. Kf2 Re8 20. g3 Rxe1 21. Kxe1 Bc6 22. Kf2 Nd7 23. Bf4 f6 24. Bd6 Kf7 25. Bf5
b6 26. Bxd7 Bxd7 27. Bb8 b5 28. cxb5 Bxb5 29. Bxa7 d3 30. Ke3 c4 31. Bd4 f5 32.
Bc3 Ba4 33. Kd4 Bb3 34. a4 Ke7 35. Kc5 Kd7 36. a5 Kc7 37. Bd2 g6 38. a6 Kb8 39.
Kb6 Ka8 40. h4 Bd1 41. f4 Bf3 42. Be3 Kb8 43. Kc5 Be2 44. Kd6 Bf3 45. Ke7 Bc6
46. Kf7 d2 47. Bxd2 Ka7 48. Kg7 Kxa6 49. Kxh7 Be8 50. Kg7 Kb7 51. Kf8 Bd7 52.
Kf7 Kc8 53. Kxg6 Kd8 54. Bc3 Ke7 55. Bb4+ Ke6 56. Kg5 Kf7 57. h5 Kg7 58. Bc3+
Kh7 59. h6 Bc8 60. Bg7 Bd7 61. Kf6 Bc8 62. Ke5 Kg6 63. Kd4 Ba6 64. Kc5 Kf7 65.
Kd6 Bb5 66. Ke5 Bd7 67. Bf6 Kg6 68. Bg5 Be8 69. Be7 Kxh6 70. Kxf5 Bd7+ 71. Ke5
Kg6 72. Kd5 Bb5 73. g4 Ba6 74. Bd8 Bc8 75. f5+ Kf7 76. Kxc4 Ba6+ 77. Kd4 Be2
78. g5 Bf3 79. Ke5 Bc6 80. Bf6 Ba4 81. b4 Bb5 82. g6+ Ke8 83. Bg5 Bd3 84. Bh6
Bc2 85. Kf6 Bb3 86. Kg7 1-0

[Event "13e tournoi d'automne - tournoi B"]
[Site "Montigny le Bretonneux"]
[Date "2014.10.22"]
[Round "5.2"]
[White "Branson, James"]
[Black "Amiard, Jean-Claude"]
[Result "1-0"]
[WhiteElo "1779"]
[BlackElo "1704"]
[Annotator "Rivier,Sylvain"]
[PlyCount "35"]
[EventDate "2014.??.??"]

{Défense sicilienne, variante Rossolimo} 1. e4 c5 2. Nf3 Nc6 3. Bb5 g6 4. O-O
Bg7 5. Re1 e6 6. Bxc6 bxc6 7. c4 Ne7 8. e5 h6 9. Nc3 Nf5 10. Ne4 O-O 11. Nxc5
d5 12. d3 Qb6 13. d4 Rd8 14. g4 Ne7 15. Be3 dxc4 16. Qc1 Kh7 17. Ne4 Nd5 18.
Nf6+ 1-0

[Event "13e tournoi d'automne - tournoi B"]
[Site "Montigny le Bretonneux"]
[Date "2014.10.22"]
[Round "5.3"]
[White "Artieres, Michel"]
[Black "Fayolle, Guy"]
[Result "1-0"]
[WhiteElo "1710"]
[BlackElo "1754"]
[Annotator "Rivier,Sylvain"]
[PlyCount "95"]
[EventDate "2014.??.??"]

{Défense des deux cavaliers} 1. e4 e5 2. Nf3 Nc6 3. Bc4 Nf6 4. d4 Nxe4 5. dxe5
Nc5 6. Qd5 Ne6 7. O-O Be7 8. c3 b6 9. Qe4 Bb7 10. Qg4 O-O 11. Bh6 Kh8 12. Be3
Na5 13. Bd3 f6 14. Qh5 f5 15. Bxf5 Rxf5 16. Qxf5 Nc4 17. Bc1 c5 18. Nbd2 Nxd2
19. Bxd2 g6 20. Qf7 Bd5 21. Bh6 Qe8 22. Qxe8+ Rxe8 23. Nd2 Kg8 24. Be3 Rf8 25.
a4 Rf5 26. f4 g5 27. g4 Rf7 28. f5 Nc7 29. f6 Bf8 30. Bxg5 Ne6 31. Be3 d6 32.
exd6 Bxd6 33. g5 a5 34. c4 Bc6 35. Nf3 h6 36. Nh4 hxg5 37. Nf5 Bf8 38. Ne7+
Bxe7 39. fxe7 Rxe7 40. b3 Kg7 41. Ra2 Rd7 42. Rd2 Rxd2 43. Bxd2 Nd4 44. Bc3 Kg6
45. Bxd4 cxd4 46. Rd1 Kf5 47. Rxd4 Ke5 48. Rd8 1-0

[Event "13e tournoi d'automne - tournoi B"]
[Site "Montigny le Bretonneux"]
[Date "2014.10.22"]
[Round "5.4"]
[White "Wuhrmann, Daniel"]
[Black "Duval, Dominique"]
[Result "1-0"]
[WhiteElo "1739"]
[BlackElo "1730"]
[Annotator "Rivier,Sylvain"]
[PlyCount "91"]
[EventDate "2014.??.??"]

{Défense sicilienne} 1. e4 g6 2. d4 Bg7 3. Nf3 c5 4. dxc5 Qa5+ 5. c3 Qxc5 6.
Qb3 Nf6 7. Be3 Qc7 8. Nbd2 O-O 9. Nd4 Nc6 10. Be2 d6 11. f3 a6 12. O-O Bd7 13.
Rfd1 b5 14. Rac1 Na5 15. Qb4 Nb7 16. c4 Nc5 17. cxb5 axb5 18. Nxb5 Bxb5 19.
Bxb5 Rfb8 20. a4 Nfd7 21. b3 Qb7 22. Qc4 Rc8 23. Qe2 Ne6 24. Bc4 Bb2 25. Rb1
Bd4 26. Bd5 Nf4 27. Bxb7 Nxe2+ 28. Kf2 Bxe3+ 29. Kxe2 Bxd2 30. Kxd2 Nc5 31.
Bxa8 Rxa8 32. Rdc1 Rb8 33. Rc3 Kf8 34. Kc2 Ke8 35. a5 Na6 36. Rc4 Nb4+ 37. Kb2
Nd3+ 38. Ka3 Ne5 39. Rc3 Nd7 40. Rbc1 Kd8 41. b4 Ra8 42. Ka4 f5 43. b5 fxe4 44.
fxe4 Nc5+ 45. Rxc5 dxc5 46. Rxc5 1-0